| 000 | 01815 a2200241 4500 | ||
|---|---|---|---|
| 001 | 45578 | ||
| 005 | 20260407155728.0 | ||
| 008 | 260407a1973 arg spa d | ||
| 003 | AR-UNSa-BCEJYS | ||
| 040 |
_aAR-UNSa-BCEJYS _bspa _cAR-UNSa-BCEJYS |
||
| 080 |
_a330.101 _xCiencia económica en general. La economía y sus problemas. Objeto y métodos de la economía política |
||
| 245 | 1 | 0 | _aEconomía política |
| 020 | _a978-84-344-0036-8 | ||
| 250 | _a7a. ed. | ||
| 264 | 1 |
_aBarcelona : _bAriel _c1973 |
|
| 300 |
_a2 v. (520 ; 667 p.) _c23 cm. |
||
| 505 | _aVol.I: INTRODUCCIÓN GENERAL : 1. Objeto e historia de la ciencia económica – 2. La evolución histórica de la actividad económica – 3. La actividad económica en el marco de la nación - - PRIMERA PARTE : El producto nacional : 1. La formación del producto nacional – 2. Los precios de los bienes y servicios - - Vol.II: SEGUNDA PARTE : La renta nacional : Su distribución : 1. Aspectos generales de la teoría de la distribución – 2. La distribución de la renta en una economía descentralizada capitalista – 3. La distribución de la renta en una economía centralizada colectivista - - TERCERA PARTE : El gasto nacional : 1. El dinero – 2. El gasto nacional y la teoría general de la renta global – 3. El gasto nacional y el nivel general de los precios – 4. El gasto nacional en las economías colectivistas centralizadas - - CUARTA PARTE : La actividad económica y las relaciones económicas internacionales : 1. Estructura económica y balanzas de pagos – 2. La teoría de los cambios internacionales – 3. Las políticas comerciales : Evolución y métodos. | ||
| 041 | _aspa | ||
| 942 | _cBK | ||
| 590 | _aniveau_biblio:m niveau_hierar:0 | ||
| 100 | 1 | _aBarre, Raymond | |
| 700 | 1 | _aGarcia Lomas, Jose Ignacio | |
| 999 |
_c3976 _d3976 |
||